000 00518nam a2200181 i 4500
001 118047
003 ES-MaACL
005 20230906191024.0
007 t|
008 070214s1943 ag r ||||1| spa d
100 1 _aPereyra, Carlos,
_d1871-1942
_990541
245 1 0 _aEsquizofrenia
_b: demencia precoz /
_cCarlos Pereyra.
260 _aBuenos Aires :
_bEl Ateneo,
_c1943.
300 _a150 p. ;
_c27 cm.
650 0 4 _aEsquizofrenia.
_912510
852 _aES-MaACL
_jE-1920
_bR.22687
999 _c118047
_d118047